| Tag |
First Indicator |
Second Indicator |
Subfields |
| LEADER |
00000nam a22000001i 4500 |
| 001 |
in00004780430 |
| 003 |
OCoLC |
| 005 |
20220629150508.2 |
| 006 |
m |o d | |
| 007 |
cr |n||||||||| |
| 008 |
220629s2022 gau ob 001 0 eng d |
| 024 |
8 |
|
|a 99995801090
|
| 035 |
|
|
|a (OCoLC)1333265435
|
| 040 |
|
|
|a NhCcYBP
|b eng
|e rda
|e pn
|c NhCcYBP
|
| 020 |
|
|
|a 9780820362236 (electronic bk.)
|
| 020 |
|
|
|a 0820362239 (electronic bk.)
|
| 020 |
|
|
|z 9780820362212
|
| 020 |
|
|
|z 0820362212
|
| 020 |
|
|
|z 9780820362229
|
| 020 |
|
|
|z 0820362220
|
| 043 |
|
|
|a n-us---
|
| 050 |
|
4 |
|a U428.5
|b .K47 2022
|
| 082 |
0 |
4 |
|a 355.2/232071173
|2 23/eng/20220119
|
| 100 |
1 |
|
|a Kershner, Seth,
|e author.
|
| 245 |
1 |
0 |
|a Breaking the war habit :
|b the debate over militarism in American education /
|c Seth Kershner, Scott Harding, Charles Howlett.
|
| 264 |
|
1 |
|a Athens :
|b The University of Georgia Press,
|c [2022]
|
| 300 |
|
|
|a 1 online resource (1 volume.) :
|
| 336 |
|
|
|a text
|b txt
|2 rdacontent
|
| 337 |
|
|
|a computer
|b c
|2 rdamedia
|
| 338 |
|
|
|a online resource
|b cr
|2 rdacarrier
|
| 490 |
0 |
|
|a Children youth + war
|
| 504 |
|
|
|a Includes bibliographical references and index.
|
| 505 |
0 |
|
|a Making citizen soldiers -- Postwar peace activism and the Committee on Militarism in Education -- Successful organizing confronts the rising tide of war -- The decade they almost stopped school militarism -- Resisting school militarism in the Reagan era -- A resurgent national movement.
|
| 588 |
|
|
|a Description based on print version record.
|
| 610 |
1 |
0 |
|a United States.
|b Army.
|b Reserve Officers' Training Corps.
|
| 610 |
1 |
0 |
|a United States.
|b Army.
|b Junior ROTC.
|
| 610 |
2 |
0 |
|a Committee on Militarism in Education (U.S.)
|
| 610 |
2 |
7 |
|a Committee on Militarism in Education (U.S.)
|2 fast
|0 (OCoLC)fst00659515
|
| 610 |
1 |
7 |
|a United States.
|b Army.
|b Junior ROTC.
|2 fast
|0 (OCoLC)fst00597962
|
| 610 |
1 |
7 |
|a United States.
|b Army.
|b Reserve Officers' Training Corps.
|2 fast
|0 (OCoLC)fst00541024
|
| 650 |
|
0 |
|a Military education
|z United States
|x History.
|
| 650 |
|
0 |
|a War and education
|z United States
|x History.
|
| 650 |
|
0 |
|a Militarism
|z United States
|x History.
|
| 650 |
|
0 |
|a Education and state
|z United States
|x History.
|
| 650 |
|
0 |
|a Civil-military relations
|z United States
|x History.
|
| 651 |
|
0 |
|a United States
|x Armed Forces
|x Recruiting, enlistment, etc.
|x History.
|
| 650 |
|
6 |
|a Éducation et guerre
|z États-Unis
|x Histoire.
|
| 650 |
|
6 |
|a Éducation
|x Politique gouvernementale
|z États-Unis
|x Histoire.
|
| 650 |
|
6 |
|a Relations pouvoir civil-pouvoir militaire
|z États-Unis
|x Histoire.
|
| 650 |
|
7 |
|a Civil-military relations.
|2 fast
|0 (OCoLC)fst00862889
|
| 650 |
|
7 |
|a Education and state.
|2 fast
|0 (OCoLC)fst00902835
|
| 650 |
|
7 |
|a Militarism.
|2 fast
|0 (OCoLC)fst01020839
|
| 650 |
|
7 |
|a Military education.
|2 fast
|0 (OCoLC)fst01021108
|
| 650 |
|
7 |
|a Recruiting and enlistment.
|2 fast
|0 (OCoLC)fst01091944
|
| 650 |
|
7 |
|a War and education.
|2 fast
|0 (OCoLC)fst01170430
|
| 651 |
|
7 |
|a United States.
|2 fast
|0 (OCoLC)fst01204155
|
| 655 |
|
7 |
|a Electronic books.
|2 local
|
| 700 |
1 |
|
|a Harding, Scott,
|e author.
|
| 700 |
1 |
|
|a Howlett, Charles F.,
|e author.
|
| 710 |
2 |
|
|a EBSCOhost
|
| 776 |
1 |
8 |
|i ebook version :
|z 9780820362236
|
| 776 |
1 |
8 |
|c Original
|z 9780820362212
|z 0820362212
|z 9780820362229
|z 0820362220
|w (DLC) 2021060248
|w (OCoLC)1285549205
|
| 856 |
4 |
0 |
|u http://proxy.library.tamu.edu/login?url=https://search.ebscohost.com/login.aspx?direct=true&scope=site&db=nlebk&db=nlabk&AN=3190850
|z Connect to the full text of this electronic book
|t 0
|
| 945 |
|
|
|b 990556
|
| 955 |
|
|
|a YBP purchased EBSCO DDA e-records
|
| 980 |
|
|
|b ebook
|c 99995801090
|f NONFIC/S
|g 565702
|k USD
|m 101.16
|q 1
|s AcqMono Conventional
|t Demand driven acquisitions (DDA)
|u Vendor order reference number
|v ZYBP
|y PDA
|z Electronic resource
|
| 999 |
f |
f |
|i 286192a0-ceeb-4603-a665-ed5a728331b3
|s 2d031af1-37c8-4703-847d-9f79c1040533
|t 0
|
| 952 |
f |
f |
|a Texas A&M University
|b College Station
|c Electronic Resources
|s www_evans
|d Available Online
|t 0
|e U428.5 .K47 2022
|h Library of Congress classification
|